书目信息 |
| 题名: |
国外科技文献检索讲座
|
|
| 作者: | 林尧泽 编 | |
| 分册: | 7 | |
| 出版信息: | 北京 科学技术文献出版社 1986 |
|
| 页数: | 113页 | |
| 开本: | 19cm | |
| 丛书名: | ||
| 单 册: | ||
| 中图分类: | G252.7 , G354.2 | |
| 科图分类: | ||
| 主题词: | 科技情报-情报检索--外国 , 情报检索-科技情报--外国 | |
| 电子资源: | ||
| ISBN: | ||
| 000 | 00867nam0 2200289 45 | |
| 001 | 0186019110 | |
| 005 | 20040430150947.5 | |
| 010 | @dCNY0.80 | |
| 091 | @a17176.503 | |
| 100 | @a19900726d1986 emky0chiy0121 ea | |
| 101 | 0 | @achi |
| 102 | @aCN@b110000 | |
| 105 | @ay z 000yy | |
| 106 | @ar | |
| 200 | 10 | @a国外科技文献检索讲座@h7@AGuo Wai Ke Ji Wen Xian Jian Suo Jiang Zuo@e美国政府科技报告的检索@f林尧泽编 |
| 210 | @a北京@c科学技术文献出版社@d1986 | |
| 215 | @a113页@d19cm | |
| 517 | 1 | @a美国政府科技报告的检索@Amei guo zheng fu ke ji bao gao de jian suo |
| 606 | @a科技情报-情报检索@y外国 | |
| 606 | @a情报检索-科技情报@y外国 | |
| 610 | 0 | @a科技报告@a检索 |
| 690 | @aG252.7@v3 | |
| 690 | @aG354.2 | |
| 701 | 0 | @a林尧泽@Alin yao ze@4编 |
| 801 | 0 | @aCN@b深圳图书馆@c20040430 |
| 801 | 2 | @aCN@bNLC@c20040430 |
| 905 | @f2@b169890-891@dG354.2@e31 | |
| 国外科技文献检索讲座.7:美国政府科技报告的检索/林尧泽编.-北京:科学技术文献出版社,1986 |
| 113页;19cm |
| ISBN :CNY0.80 |
| ● |
| 相关链接 |
|
|
|
|
正题名:国外科技文献检索讲座
索取号:G354.2/31
 
预约/预借
| 序号 | 登录号 | 条形码 | 馆藏地/架位号 | 状态 | 备注 |
| 1 | 0169890 | 000308508 | 密集书库/ [索取号:G354.2/31] | 在馆 | |
| 2 | 0169891 | 000308562 | 密集书库/ [索取号:G354.2/31] | 在馆 | |
| 3 | 0169892 | 000308492 | 第一样本阅览室/ [索取号:G354.2/31] | 在馆 |